000 00377pam a2200157a 44500
008 230515b1980 xxu||||| |||| 00| 0 eng d
020 _aNULL
041 _aENGLISH
082 _a630
100 _a4903-1979
245 _aGUIDE FOR TREATMENT AND DISPOSAL OF EFFLUENTS OF CANE SUGAR INDUSTRY
250 _a0
260 _aDELHI
_bISI
_c1980
300 _a12
650 _aNULL
999 _c652170
_d652170